Statistiken für Größte deutsche Städte nach Buchstabe - X/Y/Z

Klicken Sie hier um das Quiz zu spielen!

Allgemein

  • Dieses Quiz wurde 3.016 mal gespielt
  • Das Durchschnittsergebnis liegt bei 3 aus 9

Antwortstatistiken

LandEinwohnerStadt% Korrekt
NRW21.521Xanten
85%
Sachsen87.516Zwickau
81%
Rheinland-Pfalz34.001Zweibrücken
35%
Sachsen24.738Zittau
27%
Sachsen-Anhalt21.294Zerbst
18%
Sachsen-Anhalt27.187Zeitz
17%
Brandenburg20.182Zossen
10%
NRW20.440Zülpich
10%
Bayern25.748Zirndorf
8%

Verteilung der Resultate

Perzentil nach korrekt beantworteten Fragen

Anzahl Personen mit jedem Resultat

Ihre Resultats-Entwicklung

Sie haben dieses Quiz noch nicht gespielt